00322nam a22001217a 4500008004100000020001800041100003800059245004100097260002500138300000800163942001200171999001700183240615b |||||||| |||| 00| 0 eng d a0-07-451965-4 aN.N. Bhargava & D.C. Kulshreshtha aBasics Electronics & Linear Circuits aNew DelhibTMTc2002 a490 2ddccBK c20721d20721